| 000 | 00608 a2200205 4500 | ||
|---|---|---|---|
| 110 |
_927529 _aİktisadi Araştırmalar Vakfı (Turkey) |
||
| 999 |
_c200044377 _d29738 |
||
| 001 | 200044377 | ||
| 003 | TR-AnTOB | ||
| 005 | 20190322123044.0 | ||
| 008 | 120312s1990 tu 000 0 | ||
| 040 |
_aTR-AnTOB _cTR-AnTOB |
||
| 041 | _atur | ||
| 050 | 0 | 0 |
_aHC491.A5 _b.İ47 1990 |
| 090 | _aHC491.A5.İ47 1990 | ||
| 245 | 1 | 0 |
_aİktisadi Araştırmalar Vakfı : _b1962- 1990 / _cİktisadi Araştırmalar Vakfı. |
| 264 | 1 |
_aIstanbul : _bİktisadi Araştırmalar Vakfı, _c1990 |
|
| 300 |
_a33 p. ; _c20 cm. |
||
| 942 |
_cBK _2lcc |
||